The significance of corporate social responsibility in family businesses

Bibliográfiai részletek
Szerző: Békésiné Kovács Noémi
Dokumentumtípus: Könyv része
Megjelent: Budapesti Gazdaságtudományi Egyetem Budapest, Magyarország 2026
Sorozat:ESG - Risk Management or New Sustainability? VIII.BUEB International Sustainability Student ConferenceProceedings - Budapest University of Economics and Business 2025
Tárgyszavak:
doi:10.29180/978-615-6886-27-9_2

Kulcsszavak:family business
corporate social responsibility
Sustainability
Stakeholder Engagement
generational influence
Online Access:http://publikaciotar.uni-bge.hu/2632

MARC

LEADER 00000naa a2200000 i 4500
001 publ2632
005 20260326115006.0
008 260326s2026 hu o 000 zxx d
020 |a 978-615-6886-27-9 
024 |a 10.29180/978-615-6886-27-9_2  |2 doi 
040 |a BGE Publikációtár Repozitórium  |b hun 
100 1 |a Békésiné Kovács Noémi 
245 1 4 |a The significance of corporate social responsibility in family businesses  |c Békésiné Kovács Noémi  |h [elektronikus dokumentum] 
260 |a Budapesti Gazdaságtudományi Egyetem  |b Budapest, Magyarország  |c 2026 
300 |a 1-10 
490 0 |a ESG - Risk Management or New Sustainability? VIII.BUEB International Sustainability Student ConferenceProceedings - Budapest University of Economics and Business 2025 
650 4 |a gazdálkodás- és szervezéstudományok 
695 |a family business 
695 |a corporate social responsibility 
695 |a Sustainability 
695 |a Stakeholder Engagement 
695 |a generational influence 
856 4 0 |u https://publikaciotar.uni-bge.hu/id/eprint/2632/1/SUS%20Conference%20Proceedings%20-%20ESG%20Risk%20Managenemt_2.cikk.pdf  |z Dokumentum-elérés